| 000 | 00597nam a2200121Ia 4500 | ||
|---|---|---|---|
| 008 | 171212s9999 xx 000 0 und d | ||
| 020 | _a9780833058270 | ||
| 100 | _aPaul, Christopher;Schaefer, Agnes Gereben;Clarke, Colin P. | ||
| 245 |
_cPaul, Christopher;Schaefer, Agnes Gereben;Clarke, Colin P. _aThe Challenge of Violent Drug-Trafficking Organizations _bAn Assessment of Mexican Security Based on Existing RAND Research on Urban Unrest, Insurgency, and Defense-Sector Reform |
||
| 260 |
_bRAND Corporation _c2011 |
||
| 650 | _aPolitical Science | ||
| 856 | _uwww.jstor.org/stable/10.7249/mg1125osd | ||
| 999 |
_c352624 _d352624 |
||